01171nam a2200241 i 4500001000700000003000700007005001700014008004100031080004300072100004500115245012600160260007800286300002100364502003700385594013400422600004900556655004300605710006500648852005100713942000800764999001900772952013800791190366SpMaBN20250816063154.0201113s1977 sp |||| | spa d a830 Duerrenmatt, Friedrich 1.06(043.2)1 aCorcoll Calsat, Roberto, d1937-917077610aEstudio sobre la temática y la estructura de las obras literarias de Friedrich Dürrenmatt / cRoberto Corcoll Calsat. aBarcelona : bUniversidad de Barcelona, [Facultad de Filología],c1977. a17 p. ; c24 cm. aTesis-Univ. Barcelona (Extracto) aPrecede al tít.: Universidad de Barcelona. Secretariado de Publicaciones, Intercambio Científico y Extensión Universitaria.14aDürrenmatt, Friedrich (d1921-1990)946322 aTesis y escritos académicos 92268672 aUniversidad de Barcelona. bFacultad de Filología.91744974 aES-MaACLjP-1415 (116)9197574bR-68610cDEPO2 2udc c190366d190366 00102udc4070aATENEOMbATENEOMcDEPO2d2005-03-31eDONACIONl0oP-1415 (116)p1202376r2023-02-23 00:00:00w2023-02-23yMONOGRAFIA